| 000 | 00986nam a22003377a 4500 | ||
|---|---|---|---|
| 001 | 0028432 | ||
| 003 | KOHA_MİRAKIL | ||
| 005 | 20260207002629.0 | ||
| 007 | ta | ||
| 008 | 110314b1997 tu |||gr||||#||||0|tur | | ||
| 020 |
_a9758180452 _c4 |
||
| 040 |
_aTR-BiSEU _btur _cTR-BiSEU _erda |
||
| 041 | 0 | _atur | |
| 044 | _ctu | ||
| 050 |
_aBP70 _b.K57 1997 |
||
| 100 | 1 | _aKısakürek, Necip Fâzıl. | |
| 245 | 1 |
_aBaşbuğ velilerden 33 "Altun silsile"/ _cNecip Fâzıl Kısakürek ; Necip Fazıl Kısakürek. |
|
| 250 | _a 6. basım. | ||
| 264 | 1 |
_aİstanbul : _bBüyük Doğu yayınları _c1997 |
|
| 300 |
_a351 s. ; _c20 cm. |
||
| 336 |
_ametin _btxt _2rdacontent |
||
| 337 |
_aaracısız _bn _2rdamedia |
||
| 338 |
_acilt _bnc _2rdacarrier |
||
| 490 | 1 |
_aDin ve Tasavvuf ; _v33. |
|
| 490 | 1 |
_aEser ; _v69. |
|
| 500 | _aDizin var. | ||
| 650 | 0 |
_aMuslims--Biography. _941863 |
|
| 830 | 1 |
_aDin ve Tasavvuf ; _v33. _956286 |
|
| 830 | 1 |
_aEser ; _v69. _98350 |
|
| 942 |
_2lcc _cBK |
||
| 999 |
_c28355 _d28355 |
||